000
00429nam a2200145Ia 4500
008
090124s9999 xx 000 0 und d
082
_b
302279
245
_a
हा खेळ भावनांचा
250
_a
1
260
_b
रायकर प्रतिभा
_c
1990
300
_a
194
630
_a
हा खेळ भावनांचा
730
_a
हा खेळ भावनांचा
942
_c
BOOK
999
_c
191891
_d
191891